| 000 | 01236nam a2200325 a 4500 | ||
|---|---|---|---|
| 001 | ebr10715703 | ||
| 003 | CaPaEBR | ||
| 006 | m o u | ||
| 007 | cr cn||||||||| | ||
| 008 | 130613s2014 si s 000 0 eng d | ||
| 020 | _z9781623200169 (hardback) | ||
| 020 | _z9781623200176 (paperback) | ||
| 020 | _z9781623200176 (e-book) | ||
| 040 |
_aCaPaEBR _cCaPaEBR |
||
| 035 | _a(OCoLC)849950033 | ||
| 043 | _aa-cc--- | ||
| 050 | 1 | 4 |
_aHG1601 _b.Z43 2014eb |
| 100 | 1 | _aZhang, Joe. | |
| 245 | 1 | 0 |
_aInside China's shadow banking _h[electronic resource] : _bthe next subprime crisis? / _cJoe Zhang. |
| 260 |
_aSingapore : _bEnrich Professional Pub., _c2014. |
||
| 300 | _ax, 166 p. | ||
| 500 | _a"Edited by Janet Cheng and Glenn Griffith."--t.p. verso. | ||
| 533 |
_aElectronic reproduction. _bPalo Alto, Calif. : _cebrary, _d2013. _nAvailable via World Wide Web. _nAccess may be limited to ebrary affiliated libraries. |
||
| 650 | 0 |
_aBanks and banking _zChina. |
|
| 655 | 7 |
_aElectronic books. _2local |
|
| 700 | 1 | _aCheng, Janet. | |
| 700 | 1 | _aGriffith, Glenn. | |
| 710 | 2 | _aebrary, Inc. | |
| 856 | 4 | 0 |
_uhttp://site.ebrary.com/lib/rucke/Doc?id=10715703 _zAn electronic book accessible through the World Wide Web; click to view |
| 999 |
_c41287 _d41287 |
||